| 000 | 02662nam a22003497a 4500 | ||
|---|---|---|---|
| 003 | AR-BaUBC | ||
| 005 | 20260424195619.0 | ||
| 008 | 190715s2017||||ag|ao||| |||| 00| 0 spa d | ||
| 020 | _a9789874012449 | ||
| 040 |
_aUSAL _cUSAL _dAR-MoUNM |
||
| 041 | _aspa | ||
| 082 | 0 | 4 |
_220 _a725.098 2 _bARGENTI 691 |
| 110 | 1 |
_923843 _aArgentina. _bMinisterio de Cultura |
|
| 245 | 1 | 0 |
_aMonumentos históricos nacionales de la República Argentina : _bCiudad de Buenos Aires / _cdirección académica, Alberto Petrina ; coordinación general, Sergio López Martínez ; Comisión Nacional de Monumentos, de Lugares y de Bienes Históricos |
| 260 |
_aBuenos Aires : _bMinisterio de Cultura de la Nación, _c2017. |
||
| 300 |
_a349 p. : _bfotos ; _c26 cm. |
||
| 505 | 2 |
_tCatedral Metropolitana _tIglesia de N. S. Rosario y Convento de Santo Domingo _tManzana Franciscana _tManzana de las Luces / Residencias Jesuítas _tManzana de las Luces. Iglesia de San Ignacio de Loyola _tManzana de las Luces. Procuraduría _tManzana de las Luces / Sala de Representantes _tManzana de las Luces. Colegio Nacional de Buenos Aires _tIglesia de San Pedro González Telmo _tCasa de Ejercicios y Colegio de Belén _tSanta Casa de Ejercicios Espirituales _tIglesia y Convento de Nuestra Señora de la Merced _tIglesia y Monasterio de Santa Catalina de Siena _tIglesia de Nuestra Señora del Pilar _tAntiguo Convento de los Recoletos Franciscanos _tIglesia de Nuestra Señora de Monserrat _tIglesia de San Juan Bautista _tIglesia de N. S. de Balvanera y Colegio San José _tIglesia y Pasaje de la Piedad _tIglesia de Santa Felicitas _tIglesia del Sagrado Corazón _tIglesia de San Miguel Arcángel _tIglesia de San Juan Evangelista _tIglesia de Nuestra Señora de la Medalla Milagrosa _tIglesia Ortodoxa Rusa de la Santísima Trinidad _tCatedral Anglicana de San Juan Bautista _tSinagoga de la Congregación Israelita (Templo Libertad) _tPlaza de Mayo _tAntiguo Congreso Nacional _tCabildo |
|
| 650 | 7 |
_aARQUITECTURA _2unescot _93268 |
|
| 650 | 7 |
_2unescot _910296 _aMONUMENTO HISTORICO |
|
| 650 | 7 |
_2unescot _99067 _aCONSERVACION DE MONUMENTOS |
|
| 650 | 7 |
_2unescot _99066 _aPATRIMONIO CULTURAL |
|
| 650 | 7 |
_2unescot _914813 _aEDIFICIO DEL MUSEO |
|
| 650 | 7 |
_2unescot _98018 _aEDIFICIO EDUCATIVO |
|
| 650 | 7 |
_2unescot _910192 _aEDIFICIO RELIGIOSO |
|
| 651 | 0 |
_aBUENOS AIRES (ARGENTINA) _97870 |
|
| 700 | 1 |
_923844 _aPetrina, Alberto. _ecoord. |
|
| 700 | 1 |
_923845 _aLópez Martínez, Sergio, _dcoord. |
|
| 700 | 1 |
_923846 _aBrodaric, Adolfo _ecoord. |
|
| 700 | 1 |
_923847 _aPicarelli, Luis. _efotografía |
|
| 710 | 1 |
_923842 _aArgentina. _bComisión Nacional de Monumentos, de Lugares y de Bienes Históricos |
|
| 942 |
_cLIBRO _2ddc |
||
| 999 |
_c18505 _d18506 |
||